000 00568nam a2200217 a 4500
001 BRCA_7090
005 20190321142929.0
008 091211s1921----gw-#######---#000-0#ger-#
041 _ager
044 _agw
050 4 _b.K614 1921
100 1 _aKotze, Stefan von
_d1869-1909
_917623
245 1 0 _aSüdsee-Erinnerungen
_baus Papuas Kulturmorgen
_cvon Stefan von Kotze
250 _a3
260 _aBerlín
_bF. Fontane & Co.
_c[1921]
300 _a235 p.
_c19 cm.
500 _aO92
650 1 4 _aRelatos
_xCultura Papúa
_917624
902 _aGFM
942 _2lcc
_cB
999 _c6771
_d6771